| 000 | 00905nam a22002897i 4500 | ||
|---|---|---|---|
| 003 | EG-GICUC | ||
| 005 | 20260401132234.0 | ||
| 008 | 260401s1985 ua ||fr ||| 000 0 eng d | ||
| 020 | _a9771031791 | ||
| 040 |
_aEG-GiCUC _beng _cEG-GiCUC _dEG-GiCUC _erda |
||
| 041 | 1 | _aeng | |
| 082 | 0 | 4 |
_221 _a341.48 _bAL . A |
| 092 | 0 | 4 | _221 |
| 099 | _aLaw1 11 341.48 AL . A 1985 | ||
| 100 | 0 |
_aMohd Talaat Alghonaimi _eAuthor. |
|
| 245 | 1 | 4 |
_aThe African Charter On Human And Peoples' Rights / _cMohd Talaat Alghonaimi, Prd |
| 264 | 1 |
_aAlexandria : _bAl Maaref Establishment, _c1985. |
|
| 300 |
_a42 pages, _c24 cm. |
||
| 336 |
_2rda content _atext |
||
| 337 |
_2rda media _aComputer |
||
| 338 |
_2rda carrier _aOnline Resource |
||
| 546 | _aText in English | ||
| 650 | 1 | 4 | _aPublic international law |
| 856 | 4 | 0 | _uhttps://fll.law.cu.edu.eg/fulltext/bks/B11-08896.pdf |
| 905 | _a48 | ||
| 942 |
_2ddc _cBK _e21 _n0 |
||
| 999 |
_c68098 _d68098 |
||